<?xml version="1.0" encoding="UTF-8"?>
<record
    xmlns:xsi="http://www.w3.org/2001/XMLSchema-instance"
    xsi:schemaLocation="http://www.loc.gov/MARC21/slim http://www.loc.gov/standards/marcxml/schema/MARC21slim.xsd"
    xmlns="http://www.loc.gov/MARC21/slim">

  <leader>00971nam a2200229Ia 4500</leader>
  <controlfield tag="003">IN-BaIIA</controlfield>
  <controlfield tag="008">211028s9999    xx            000 0 eng d</controlfield>
  <datafield tag="040" ind1=" " ind2=" ">
    <subfield code="c">IIA Library</subfield>
  </datafield>
  <datafield tag="080" ind1=" " ind2=" ">
    <subfield code="a">063:53</subfield>
    <subfield code="b">ENF-38</subfield>
  </datafield>
  <datafield tag="111" ind1=" " ind2=" ">
    <subfield code="a">Conference of International School of Physics "Enrico Fermi"</subfield>
    <subfield code="c">Italy</subfield>
    <subfield code="d">1966 June 27- July 9</subfield>
    <subfield code="9">5566</subfield>
  </datafield>
  <datafield tag="245" ind1=" " ind2="0">
    <subfield code="a">Interaction of high-energy particles with nuclei</subfield>
    <subfield code="b">proceedings of the international School of Physics "Enrico Fermi" Varenna on Lake Como Villa Monastero, 27th June - 9th July 1966</subfield>
    <subfield code="c">edited by T. E. O. Ericson                                            </subfield>
  </datafield>
  <datafield tag="260" ind1=" " ind2=" ">
    <subfield code="a">New York</subfield>
    <subfield code="b">Academic Press</subfield>
    <subfield code="c">1967</subfield>
  </datafield>
  <datafield tag="300" ind1=" " ind2=" ">
    <subfield code="a">xii, 330p.</subfield>
  </datafield>
  <datafield tag="490" ind1=" " ind2=" ">
    <subfield code="a">International School of Physics "Enrico Fermi" Course v. 38</subfield>
  </datafield>
  <datafield tag="650" ind1=" " ind2=" ">
    <subfield code="a">High Energy Physics</subfield>
    <subfield code="9">2205</subfield>
  </datafield>
  <datafield tag="650" ind1=" " ind2=" ">
    <subfield code="a">NASA Thesaurus</subfield>
  </datafield>
  <datafield tag="650" ind1=" " ind2=" ">
    <subfield code="a">Nuclear Physics</subfield>
    <subfield code="9">1527</subfield>
  </datafield>
  <datafield tag="650" ind1=" " ind2=" ">
    <subfield code="a">Particle Physics</subfield>
    <subfield code="9">1847</subfield>
  </datafield>
  <datafield tag="700" ind1=" " ind2=" ">
    <subfield code="a">Ericson, T. E. O., ed.</subfield>
    <subfield code="9">5567</subfield>
  </datafield>
  <datafield tag="710" ind1=" " ind2=" ">
    <subfield code="a">Italian Physical Society</subfield>
  </datafield>
  <datafield tag="942" ind1=" " ind2=" ">
    <subfield code="c">BK</subfield>
  </datafield>
  <datafield tag="999" ind1=" " ind2=" ">
    <subfield code="c">3136</subfield>
    <subfield code="d">3136</subfield>
  </datafield>
  <datafield tag="952" ind1=" " ind2=" ">
    <subfield code="0">0</subfield>
    <subfield code="1">0</subfield>
    <subfield code="4">0</subfield>
    <subfield code="7">0</subfield>
    <subfield code="a">BAN</subfield>
    <subfield code="b">BAN</subfield>
    <subfield code="c">GEN</subfield>
    <subfield code="d">1968-11-28</subfield>
    <subfield code="g">115.20</subfield>
    <subfield code="l">0</subfield>
    <subfield code="o">063:53/ ENF-38</subfield>
    <subfield code="p">3487</subfield>
    <subfield code="r">2021-11-05</subfield>
    <subfield code="v">115.20</subfield>
    <subfield code="w">1968-11-28</subfield>
    <subfield code="y">BK</subfield>
    <subfield code="G">Rs. 115.20</subfield>
  </datafield>
</record>
